10 Most Populated Counties in Ireland - Statistics

General Stats
  • This quiz has been taken 113 times
  • The average score is 8 of 10
Answer Stats
Hint Answer % Correct
542,196 Cork
99%
1,345,000 Dublin
96%
258,552 Galway
89%
195,175 Limerick
86%
247,132 Derry
79%
616,108 Antrim
77%
531,665 Down
74%
222,130 Kildare
73%
194,942 Meath
73%
179,000 Tyrone
64%
No matching quizzes found
Score Distribution
Percent of People with Each Score
Percentile by Number Answered
Your Score History
You have not taken this quiz